Programming arduino next steps: going further with sketches (Registro nro. 21532)

Detalles MARC
000 -Cabecera
Campo de control interno 00492nam a22002057a 4500
005 - Fecha y hora del registro
control field 20260311113544.0
008 - Elementos de Longitud Fija
fixed length control field 260311b |||||||| |||| 00| 0 spa d
041 ## - Idioma
Codigo Idioma Inglés
082 ## - DEWEY y NOTACIÓN INTERNA
Dewey 621.381
Notación Interna M84
100 ## - AUTOR
Autor denominación Monk, Simon
245 ## - TÍTULO DE MATERIAL BIBLIOGRÁFICO
Título Programming arduino next steps: going further with sketches
260 ## - CIUDAD, EDITORIAL, AÑO
Ciudad :
Nombre de la Editorial ,
Año 2014
300 ## - DESCRIPCIÓN
N° Páginas 264 páginas;
Otros detalles ;
Dimensiones 21 cm.
440 ## - MENCIÓN DE SERIE
Título de la Serie ;
650 ## - TEMAS
Temas Tecnología (Ciencias Aplicadas)
654 ## - PROGRAMAS
Programa Dpto. de Ingeniería Electrónica y Telecomunicaciones
700 ## - OTROS AUTORES
Otros autores ;
942 ## - ELEMENTOS DE KOHA
Tipo de documento Libro
Nombre del creador Justo Noguera
Código de catalogador Justo Noguera
Esquema de clasificación Dewey Decimal Classification
Existencias
Codigo completo Registro Colección Copia número Disponibilidad Tipo de préstamo Biblioteca Actual Procedencia (Biblioteca) Ubicacón Fecha Ingreso Tipo de Adquisición Date last seen Total checkouts Price effective from Tipo de Item Estado del Material Fuente de Clasificación Damaged status Withdrawn status
621.381 M84 1044127 Universidad Católica San Pablo 1 Disponible Disponible Víctor Andrés Belaunde Víctor Andrés Belaunde Segundo piso 11/03/2026 Compra 11/03/2026   11/03/2026 Libro Bueno Dewey Decimal Classification